010130000a220008500045001000021000002450056000213000041000775200751001187730058008691 aGallazzi, Sandro10aExterminaré de la tierra a los profetas (Za 13,2) aNum. 35-36 (2000), Páginas 215-224 aLa desaparición de los profetas continuará siendo un enigma sin soluciones definitivas. Este ensayo, a partir de los capítulos 9-14 del libro de Zacarías, intenta encontrar alguna pista que pueda ayudar a entender qué puede haber ocurrido. El primer paso es identificar los conflictos presentes en el texto y, para encontrar su raíz más profunda, compararlos con los conflictos que se generan con el final del exilio en Babilonia, época del primer Zacarías (1-8). En esta perspectiva, vale dejar en claro que la profecía no agotó su misión ni perdió su fuerza, hasta desaparecer. Ella fue duramente silenciada por la poderosa estructura hierocrática del templo sadoquita. Lo mismo aconteció con Jesús de Nazaret.0 tRevista de Interpretación Bíblica Latinoamericana